[Event "Fagernes op"]
[Site "Fagernes"]
[Date "2024.03.24"]
[Round "1"]
[White "Rasmussen, Casper"]
[Black "Raja, Rithvik R"]
[Result "0-1"]
[WhiteElo "2244"]
[BlackElo "2532"]
[PlyCount "78"]
[EventDate "2024.03.24"]
[EventType "swiss"]
[EventRounds "9"]
[EventCountry "NOR"]
[SourceTitle "CB14_2024"]
[SourceDate "2024.04.01"]
[SourceVersion "1"]
[SourceVersionDate "2024.04.01"]
[SourceQuality "1"]

1. d4 Nf6 2. Nf3 d5 3. c4 e6 4. g3 dxc4 5. Bg2 c6 6. Ne5 Bb4+ 7. Nc3 Nd5 8. 0-0 Nxc3 9. bxc3 Bxc3 10. Nxc4 b5 11. Bb2 Bxb2 12. Nxb2 a5 13. e3 0-0 14. Nd3 Qd6 15. Qc2 Bd7 16. Rfc1 Rc8 17. Qc5 Qxc5 18. Nxc5 Ra7 19. Rab1 Be8 20. Rb2 Kf8 21. f4 Ke7 22. Kf2 Nd7 23. Nxd7 Bxd7 24. Rc5 Ra6 25. Be4 Rb8 26. Ke2 f6 27. Kd3 h6 28. h4 Kd6 29. g4 Re8 30. Rg2 e5 31. g5 exd4 32. exd4 Be6 33. Bf3 Bc4+ 34. Kd2 Bxa2 35. gxh6 gxh6 36. Rg6 Rf8 37. Rxh6 a4 38. Kc3 a3 39. Rg6 Bb1 0-1

[Event "Titled Tuesday intern op 14th Nov Early"]
[Site "Chess.com INT"]
[Date "2023.11.14"]
[Round "6"]
[White "Berezin, Viktor1"]
[Black "Rasmussen, Casper"]
[Result "0-1"]
[WhiteElo "2307"]
[BlackElo "2275"]
[PlyCount "88"]
[EventDate "2023.11.14"]
[EventType "swiss (blitz)"]
[EventRounds "11"]
[EventCountry "USA"]
[SourceTitle "CB47_2023"]
[SourceDate "2023.11.22"]
[SourceVersion "1"]
[SourceVersionDate "2023.11.22"]
[SourceQuality "1"]

1. Nf3 Nf6 2. g3 d6 3. c4 c5 4. Bg2 Nc6 5. 0-0 Bg4 6. Nc3 Qd7 7. Re1 Bh3 8. Bh1 h5 9. d4 cxd4 10. Nxd4 h4 11. Nxc6 bxc6 12. e4 Bg4 13. Qd3 hxg3 14. fxg3 g6 15. e5 dxe5 16. Qxd7+ Bxd7 17. Rxe5 Rxh2 18. Rxe7+ Bxe7 19. Kxh2 0-0-0 20. Bf4 g5 21. Bd2 Ng4+ 22. Kg2 Rh8 23. Ne4 f5 24. Bxg5 Rh2+ 25. Kg1 Bxg5 26. Nxg5 Rxb2 27. Nf7 Kc7 28. c5 a5 29. Nd6 a4 30. Nc4 Rc2 31. Nb6 Rxc5 32. Nxa4 Rc2 33. a3 Be6 34. Rb1 Nf2 35. Nb6 Nh3+ 36. Kf1 Rf2+ 37. Ke1 Rh2 38. Bf3 Ng5 39. Be2 Ne4 40. Rb2 Nxg3 41. Na8+ Kc8 42. a4 Rxe2+ 43. Rxe2 Nxe2 44. Kxe2 Kb7 0-1

[Event "Titled Tuesday intern op 14th Nov Early"]
[Site "Chess.com INT"]
[Date "2023.11.14"]
[Round "8"]
[White "Mazurkiewicz, Michal"]
[Black "Rasmussen, Casper"]
[Result "0-1"]
[WhiteElo "2145"]
[BlackElo "2275"]
[PlyCount "70"]
[EventDate "2023.11.14"]
[EventType "swiss (blitz)"]
[EventRounds "11"]
[EventCountry "USA"]
[SourceTitle "CB47_2023"]
[SourceDate "2023.11.22"]
[SourceVersion "1"]
[SourceVersionDate "2023.11.22"]
[SourceQuality "1"]

1. e4 c5 2. Nf3 e6 3. d3 d5 4. Nbd2 dxe4 5. dxe4 Nc6 6. Bb5 Bd7 7. 0-0 a6 8. Bxc6 Bxc6 9. Ne5 Qc7 10. Ndc4 Rd8 11. Qf3 b5 12. Nxc6 Qxc6 13. Ne5 Qb7 14. Bg5 f6 15. Qh5+ g6 16. Qf3 fxg5 17. Rad1 Bd6 18. Ng4 Qf7 19. Qa3 Qb7 20. Qf3 Qe7 21. e5 Bc7 22. Qc6+ Kf8 23. Rxd8+ Bxd8 24. Rd1 h5 25. Rd7 hxg4 26. Rxe7 Nxe7 27. Qxe6 Rh7 28. Qxg4 Nf5 29. Qd1 Ke8 30. c3 Rd7 31. Qb3 c4 32. Qc2 Be7 33. g3 Ng7 34. Qxg6+ Kf8 35. Qf5+ Nxf5 0-1

[Event "Titled Tuesday intern op 14th Nov Early"]
[Site "Chess.com INT"]
[Date "2023.11.14"]
[Round "7"]
[White "Rasmussen, Casper"]
[Black "Valle Luis, Leo"]
[Result "0-1"]
[WhiteElo "2275"]
[BlackElo "2189"]
[PlyCount "118"]
[EventDate "2023.11.14"]
[EventType "swiss (blitz)"]
[EventRounds "11"]
[EventCountry "USA"]
[SourceTitle "CB47_2023"]
[SourceDate "2023.11.22"]
[SourceVersion "1"]
[SourceVersionDate "2023.11.22"]
[SourceQuality "1"]

1. c4 c5 2. g3 g6 3. Bg2 Bg7 4. Nc3 Nc6 5. d3 e6 6. Nf3 Nge7 7. Bg5 0-0 8. Qd2 a6 9. Bh6 d5 10. cxd5 exd5 11. h4 Re8 12. Bxg7 Kxg7 13. h5 Ng8 14. hxg6 hxg6 15. Nxd5 Qxd5 16. Rh7+ Kxh7 17. Ng5+ Qxg5 18. Qxg5 Nd4 19. 0-0-0 Nxe2+ 20. Kb1 Bf5 21. g4 Bd7 22. Be4 Kg7 23. Qxc5 Bxg4 24. f3 Be6 25. Qe3 Ng3 26. Qd4+ Nf6 27. Qb6 Rad8 28. Qxb7 Ngxe4 29. fxe4 Nxe4 30. Qxa6 Ra8 31. Qxa8 Rxa8 32. dxe4 Bxa2+ 33. Kc1 Rc8+ 34. Kd2 Bb3 35. Re1 Rc2+ 36. Ke3 Rxb2 37. Kf4 Be6 38. Rc1 Rf2+ 39. Ke5 Ra2 40. Rc7 Ra5+ 41. Kf4 Kf6 42. Rb7 g5+ 43. Ke3 Ke5 44. Rb2 Ra3+ 45. Kf2 Kxe4 46. Rb4+ Kf5 47. Rb8 Kf4 48. Rh8 f5 49. Kg1 g4 50. Rb8 Bd5 51. Rb4+ Be4 52. Rb2 Ra1+ 53. Kf2 g3+ 54. Ke2 Bf3+ 55. Kd3 g2 56. Rb4+ Be4+ 57. Kd4 Rd1+ 58. Kc5 g1Q+ 59. Kb5 Rb1 0-1

[Event "Titled Tuesday intern op 14th Nov Early"]
[Site "Chess.com INT"]
[Date "2023.11.14"]
[Round "3"]
[White "Shubenkova, Veronika"]
[Black "Rasmussen, Casper"]
[Result "1-0"]
[WhiteElo "2007"]
[BlackElo "2275"]
[PlyCount "63"]
[EventDate "2023.11.14"]
[EventType "swiss (blitz)"]
[EventRounds "11"]
[EventCountry "USA"]
[SourceTitle "CB47_2023"]
[SourceDate "2023.11.22"]
[SourceVersion "1"]
[SourceVersionDate "2023.11.22"]
[SourceQuality "1"]

1. c4 c5 2. Nc3 Nc6 3. Nf3 Nf6 4. g3 d6 5. Bg2 g6 6. 0-0 Bg4 7. d3 Qd7 8. a3 Bh3 9. e4 h5 10. Bg5 Bg7 11. Qd2 h4 12. Nxh4 Nd4 13. Rae1 0-0-0 14. Ne2 Rh5 15. Nxd4 cxd4 16. e5 dxe5 17. Rxe5 Rdh8 18. Rfe1 Bxg2 19. Kxg2 e6 20. Nf3 Ng4 21. Rc5+ Kb8 22. h4 f6 23. Bf4+ e5 24. Rd5 Qc7 25. Nxd4 exf4 26. Ne6 Qf7 27. Qxf4+ Ne5 28. Rexe5 g5 29. Rxg5+ Ka8 30. Rxh5 Qxe6 31. Rxh8+ Bxh8 32. Rd8+ 1-0

[Event "DEN-chT 2223 60th"]
[Site "Denmark"]
[Date "2022.11.20"]
[Round "3.1"]
[White "Borge, Nikolaj"]
[Black "Rasmussen, Casper"]
[Result "1-0"]
[WhiteElo "2388"]
[BlackElo "2289"]
[PlyCount "67"]
[EventDate "2022.10.29"]
[EventType "team-tourn"]
[EventRounds "9"]
[EventCountry "DEN"]
[SourceTitle "CBM 213 Extra"]
[Source "ChessBase"]
[SourceDate "2023.05.31"]
[SourceVersion "1"]
[SourceVersionDate "2023.05.31"]
[SourceQuality "1"]
[WhiteTeam "Hillerod"]
[BlackTeam "Obro"]
[WhiteTeamCountry "DEN"]
[BlackTeamCountry "DEN"]

1. e4 e5 2. Nf3 Nf6 3. Nxe5 d6 4. Nf3 Nxe4 5. d3 Nf6 6. d4 d5 7. c4 Bb4+ 8. Nc3 0-0 9. Be2 Bg4 10. h3 Bxf3 11. Bxf3 Re8+ 12. Be3 c5 13. 0-0 Bxc3 14. bxc3 Nc6 15. dxc5 dxc4 16. Rb1 Qe7 17. Qa4 Rac8 18. Rfd1 Qc7 19. Rb2 Nd7 20. Rdb1 Nde5 21. Bd5 Qd7 22. Bxc4 Nxc4 23. Qxc4 Qf5 24. Qa4 Re7 25. Rxb7 h5 26. Qf4 Qc2 27. Qf3 Qxa2 28. Qxh5 a5 29. Qg4 Rce8 30. Bh6 g6 31. Qf3 Kh7 32. Bg5 Ne5 33. Qf4 Nd3 34. Qh4+ 1-0

[Event "DEN-chT 2223 60th"]
[Site "Denmark"]
[Date "2022.10.30"]
[Round "2.3"]
[White "Rasmussen, Casper"]
[Black "Christensen, Jan"]
[Result "1/2-1/2"]
[WhiteElo "2289"]
[BlackElo "2167"]
[PlyCount "86"]
[EventDate "2022.10.29"]
[EventType "team-tourn"]
[EventRounds "9"]
[EventCountry "DEN"]
[SourceTitle "EXT 2024"]
[Source "ChessBase"]
[SourceDate "2023.10.10"]
[SourceVersion "1"]
[SourceVersionDate "2023.10.10"]
[SourceQuality "1"]
[WhiteTeam "Obro"]
[BlackTeam "Nordre"]
[WhiteTeamCountry "DEN"]
[BlackTeamCountry "DEN"]

1. Nf3 Nf6 2. c4 c5 3. g3 b6 4. Bg2 Bb7 5. 0-0 e6 6. Nc3 a6 7. Re1 d6 8. d4 cxd4 9. Nxd4 Bxg2 10. Kxg2 Qc7 11. e4 Be7 12. Be3 Nbd7 13. Rc1 0-0 14. f3 Rfe8 15. b3 Rac8 16. Qd2 Qb7 17. Red1 Bf8 18. g4 Ne5 19. h3 Ng6 20. Qf2 b5 21. cxb5 axb5 22. Ndxb5 d5 23. exd5 exd5 24. Nd4 Bd6 25. Nce2 h5 26. Nf5 Ba3 27. Rxc8 Qxc8 28. Ned4 Qb8 29. Qg3 hxg4 30. hxg4 Qc8 31. Bg5 Qa6 32. Re1 Rxe1 33. Qxe1 Bc5 34. Qd2 Nh7 35. Be3 Nf6 36. Bg5 Nh7 37. Be3 Nf6 38. b4 Bb6 39. b5 Qa3 40. Bg5 Nd7 41. Be3 Nde5 42. Bf2 Nc4 43. Qc2 Nf4+ 1/2-1/2

[Event "DEN-chT 2223 60th"]
[Site "Denmark"]
[Date "2022.10.29"]
[Round "1.4"]
[White "Rasmussen, Casper"]
[Black "Svane, Frederik"]
[Result "0-1"]
[WhiteElo "2289"]
[BlackElo "2566"]
[PlyCount "64"]
[EventDate "2022.10.29"]
[EventType "team-tourn"]
[EventRounds "9"]
[EventCountry "DEN"]
[SourceTitle "EXT 2024"]
[Source "ChessBase"]
[SourceDate "2023.10.10"]
[SourceVersion "1"]
[SourceVersionDate "2023.10.10"]
[SourceQuality "1"]
[WhiteTeam "Obro"]
[BlackTeam "Skanderborg Nordea"]
[WhiteTeamCountry "DEN"]
[BlackTeamCountry "DEN"]

1. d4 Nf6 2. c4 e6 3. Nf3 d5 4. g3 dxc4 5. Bg2 a6 6. 0-0 Nc6 7. Nc3 Rb8 8. e4 Be7 9. Bg5 h6 10. Bf4 b5 11. d5 exd5 12. exd5 Nb4 13. Nd4 Bd7 14. Qd2 Nd3 15. Nc6 Bxc6 16. dxc6 0-0 17. Rad1 Re8 18. b3 Bd6 19. Bxh6 gxh6 20. bxc4 bxc4 21. Qxh6 Bf8 22. Qh4 Qe7 23. Rd2 Qe5 24. Rc2 Rb2 25. Rxb2 Nxb2 26. Rc1 Nd3 27. Rc2 Ne1 28. Rc1 Bc5 29. Ne4 Nxe4 30. Bxe4 Qxe4 31. Qg5+ Qg6 32. Qxc5 Nd3 0-1

[Event "DEN-chT 1920 58th"]
[Site "Denmark"]
[Date "2020.09.06"]
[Round "9.5"]
[White "Rasmussen, Casper"]
[Black "Vinter Schou, Uffe"]
[Result "0-1"]
[WhiteElo "2304"]
[BlackElo "2361"]
[PlyCount "144"]
[EventDate "2019.11.23"]
[EventType "team-tourn"]
[EventRounds "9"]
[EventCountry "DEN"]
[SourceTitle "EXT 2021"]
[Source "ChessBase"]
[SourceDate "2020.10.23"]
[SourceVersion "1"]
[SourceVersionDate "2020.10.23"]
[SourceQuality "1"]
[WhiteTeam "Obro"]
[BlackTeam "Aarhus/Skolerne"]
[WhiteTeamCountry "DEN"]
[BlackTeamCountry "DEN"]

1. Nf3 c5 2. c4 Nc6 3. g3 e5 4. Nc3 g6 5. Bg2 Bg7 6. h4 h6 7. d3 Nge7 8. e4 d6 9. Be3 a6 10. Qd2 Rb8 11. Nd5 b5 12. h5 g5 13. Nxg5 hxg5 14. Bxg5 Rh7 15. h6 Bh8 16. Bf6 Be6 17. Bxh8 Rxh8 18. Nf6+ Kf8 19. Qg5 Qa5+ 20. Kf1 Ng6 21. Bh3 Nd4 22. Bf5 Rb7 23. Bxg6 fxg6 24. Qxg6 Qd8 25. g4 Qe7 26. h7 Qf7 27. Qg8+ Rxg8 28. hxg8Q+ Qxg8 29. Nxg8 Kxg8 30. cxb5 axb5 31. a4 b4 32. a5 Nb3 33. Rd1 Kg7 34. f3 Ra7 35. Kf2 Rxa5 36. Kg3 Bf7 37. f4 exf4+ 38. Kxf4 Ra8 39. Rh2 Bg6 40. Kg3 Nd4 41. Rf1 Nc6 42. g5 Ne5 43. Rd2 Rd8 44. Rf6 Nf7 45. Kf4 Rh8 46. Re6 Rh4+ 47. Kg3 Rh5 48. Kf4 Rh4+ 49. Kg3 Rh1 50. Kf4 Rf1+ 51. Kg3 Rg1+ 52. Kf4 Bh5 53. Re7 Rg4+ 54. Ke3 Rxg5 55. Rf2 Rg3+ 56. Kd2 Rg1 57. Kc2 Bd1+ 58. Kd2 Bb3 59. Ke3 Kg6 60. d4 Re1+ 61. Kf4 cxd4 62. Rd2 Rf1+ 63. Kg3 Rd1 64. Rxd1 Bxd1 65. Kf4 Kf6 66. Rb7 b3 67. Rb6 Ke6 68. Rb4 d3 69. Ke3 Ne5 70. Rb8 Bc2 71. Kd2 Nf3+ 72. Kc1 d2# 0-1

[Event "DEN-chT 1920 58th"]
[Site "Denmark"]
[Date "2019.11.24"]
[Round "2.3"]
[White "Sahl, Bjarke"]
[Black "Rasmussen, Casper"]
[Result "1-0"]
[WhiteElo "2326"]
[BlackElo "2304"]
[PlyCount "65"]
[EventDate "2019.11.23"]
[EventType "team-tourn"]
[EventRounds "9"]
[EventCountry "DEN"]
[SourceTitle "CBM 193 Extra"]
[Source "ChessBase"]
[SourceDate "2020.01.31"]
[SourceVersion "1"]
[SourceVersionDate "2020.01.31"]
[SourceQuality "1"]
[WhiteTeam "Ballerup"]
[BlackTeam "Obro"]
[WhiteTeamCountry "DEN"]
[BlackTeamCountry "DEN"]

1. e4 e5 2. Nf3 Nf6 3. Nc3 Nc6 4. Bb5 Bb4 5. 0-0 0-0 6. Nd5 Nxd5 7. exd5 e4 8. dxc6 exf3 9. Qxf3 dxc6 10. Be2 Qh4 11. c3 Bd6 12. g3 Qh3 13. d4 Re8 14. Be3 Bf5 15. Qg2 Re7 16. Bf3 Rae8 17. Rfd1 Qxg2+ 18. Kxg2 Be4 19. c4 Re6 20. c5 Be7 21. Bxe4 Rxe4 22. Rac1 f5 23. d5 cxd5 24. Rxd5 Bf6 25. Rxf5 Bxb2 26. Rb1 Be5 27. Rxb7 g6 28. Rf3 a5 29. Bh6 Re2 30. a4 Re4 31. Ra7 Rxa4 32. Re3 Kf7 33. f4 1-0

[Event "DEN-chT 1516 54th"]
[Site "Denmark"]
[Date "2015.12.06"]
[Round "3"]
[White "Aabling Thomsen, Jakob"]
[Black "Rasmussen, Casper"]
[Result "1-0"]
[WhiteElo "2341"]
[BlackElo "2314"]
[PlyCount "109"]
[EventDate "2015.10.31"]
[EventType "team-tourn"]
[EventRounds "9"]
[EventCountry "DEN"]
[SourceTitle "CBM 169 Extra"]
[Source "ChessBase"]
[SourceDate "2015.12.18"]
[SourceVersion "1"]
[SourceVersionDate "2015.12.18"]
[SourceQuality "1"]
[WhiteTeam "Bronshoj"]
[BlackTeam "Obro"]
[WhiteTeamCountry "DEN"]
[BlackTeamCountry "DEN"]

1. Nf3 Nf6 2. g3 b6 3. Bg2 Bb7 4. 0-0 c5 5. d3 g6 6. e4 d6 7. Nh4 Bg7 8. e5 Bxg2 9. exf6 Bxf1 10. fxg7 Rg8 11. Qxf1 Rxg7 12. Qg2 Nd7 13. Nc3 Rc8 14. Bh6 Rg8 15. Re1 Nf6 16. Qf3 Kd7 17. Bg5 Re8 18. Nb5 Rb8 19. Bxf6 exf6 20. Rxe8 Kxe8 21. Qc6+ Qd7 22. Nxd6+ Ke7 23. Qxd7+ Kxd7 24. Ne4 Ke6 25. Ng2 c4 26. dxc4 Rd8 27. Ne3 Ke5 28. Nc3 f5 29. Ned5 Kd4 30. b3 a6 31. a4 Rd6 32. h4 h6 33. Kg2 g5 34. hxg5 hxg5 35. Kf3 Rh6 36. Ne2+ Kc5 37. Nc7 a5 38. Nd5 Re6 39. Ne3 f6 40. Nc1 Kb4 41. Nxf5 Kc3 42. Ne3 Kd2 43. Nd3 f5 44. c5 bxc5 45. Nxc5 Rf6 46. Nb7 f4 47. gxf4 gxf4 48. Nd5 Rf7 49. Nxa5 Kxc2 50. b4 Kd3 51. Nc6 Rf8 52. Nb6 Rf6 53. b5 Rf5 54. a5 Rxb5 55. a6 1-0

[Event "DEN-chT 1516 54th"]
[Site "Denmark"]
[Date "2015.11.01"]
[Round "2"]
[White "Rasmussen, Casper"]
[Black "Jensen, Bjarke"]
[Result "0-1"]
[WhiteElo "2314"]
[BlackElo "2366"]
[PlyCount "106"]
[EventDate "2015.10.31"]
[EventType "team-tourn"]
[EventRounds "9"]
[EventCountry "DEN"]
[SourceTitle "CBM 169 Extra"]
[Source "ChessBase"]
[SourceDate "2015.12.18"]
[SourceVersion "1"]
[SourceVersionDate "2015.12.18"]
[SourceQuality "1"]
[WhiteTeam "Obro"]
[BlackTeam "Jetsmark"]
[WhiteTeamCountry "DEN"]
[BlackTeamCountry "DEN"]

1. c4 e5 2. Nc3 Nc6 3. e3 Nf6 4. Nf3 d6 5. d4 g6 6. dxe5 Nxe5 7. Nxe5 dxe5 8. Qxd8+ Kxd8 9. b3 Bb4 10. Bb2 c6 11. 0-0-0+ Ke7 12. h3 h5 13. Bd3 Bf5 14. e4 Be6 15. f4 exf4 16. e5 Nd7 17. Ne4 Nc5 18. Nd6 Nxd3+ 19. Rxd3 Rab8 20. Bd4 Ba3+ 21. Kd1 b6 22. Ke2 g5 23. Rb1 a5 24. Kf3 Rhg8 25. Rbd1 Bxd6 26. exd6+ Kd7 27. Rc3 c5 28. Bf6 g4+ 29. Kxf4 gxh3 30. gxh3 Rg2 31. a3 Rbg8 32. Rdd3 Ra2 33. a4 Rf2+ 34. Rf3 Rgg2 35. Be7 Rxf3+ 36. Rxf3 Rh2 37. h4 Bg4 38. Re3 Rf2+ 39. Kg3 Re2 40. Rc3 Rb2 41. Rd3 Rb1 42. Bf8 Rh1 43. Kg2 Rxh4 44. Re3 Be6 45. Re5 Rg4+ 46. Kh2 h4 47. Rh5 h3 48. Be7 Rg2+ 49. Kh1 Bg4 50. Rh8 Bf3 51. Rxh3 Rg3+ 52. Kh2 Rxh3+ 53. Kxh3 Bd1 0-1

[Event "DEN-chT 1415 53rd"]
[Site "Denmark"]
[Date "2014.12.14"]
[Round "3.3"]
[White "Rasmussen, Casper"]
[Black "Bonnelykke, Ole"]
[Result "1-0"]
[WhiteElo "2325"]
[BlackElo "2045"]
[PlyCount "99"]
[EventDate "2014.10.25"]
[EventType "team-tourn"]
[EventRounds "9"]
[EventCountry "DEN"]
[SourceTitle "EXT 2016"]
[Source "ChessBase"]
[SourceDate "2015.10.08"]
[SourceVersion "1"]
[SourceVersionDate "2015.10.08"]
[SourceQuality "1"]
[WhiteTeam "Obro"]
[BlackTeam "Esbjerg"]
[WhiteTeamCountry "DEN"]
[BlackTeamCountry "DEN"]

1. Nf3 c5 2. c4 g6 3. Nc3 Bg7 4. g3 Nc6 5. Bg2 d6 6. 0-0 Nf6 7. d4 cxd4 8. Nxd4 Bd7 9. Nb3 0-0 10. c5 Be6 11. cxd6 Qxd6 12. Qxd6 exd6 13. Rd1 Rfd8 14. Bf4 Ne8 15. Rd2 Nb4 16. Na5 Rac8 17. a3 Rxc3 18. axb4 Rc7 19. Nxb7 Rdc8 20. Nxd6 Rc1+ 21. Rd1 Rxa1 22. Rxa1 Nxd6 23. Bxd6 Rc2 24. e3 Rxb2 25. Rc1 h5 26. h4 Bf8 27. Bc5 Bg7 28. Bc6 a6 29. e4 Rb3 30. Bd5 Rc3 31. Rxc3 Bxc3 32. Kf1 Bd7 33. Bc4 Bb5 34. Bxb5 axb5 35. Ke2 f6 36. Kd3 Be1 37. Ke2 Bc3 38. Kd3 Be1 39. e5 f5 40. e6 Kg7 41. Ke3 Kf6 42. e7 Kf7 43. Kf4 Bc3 44. Kg5 Bd2+ 45. f4 Be1 46. e8Q+ Kxe8 47. Kxg6 Bxg3 48. Kxf5 Bxh4 49. Kg6 Bg3 50. f5 1-0

[Event "DEN-chT 1011 49th"]
[Site "Denmark"]
[Date "2011.03.12"]
[Round "8.3"]
[White "Rasmussen, Casper"]
[Black "Petersen, Tom Petri"]
[Result "1/2-1/2"]
[WhiteElo "2357"]
[BlackElo "2301"]
[PlyCount "55"]
[EventDate "2010.11.06"]
[EventType "team-tourn"]
[EventRounds "9"]
[EventCountry "DEN"]
[SourceTitle "EXT 2012"]
[Source "ChessBase"]
[SourceDate "2011.11.24"]
[SourceVersion "1"]
[SourceVersionDate "2011.11.24"]
[SourceQuality "1"]
[WhiteTeam "Valby K41"]
[BlackTeam "Nordre"]
[WhiteTeamCountry "DEN"]
[BlackTeamCountry "DEN"]

1. d4 Nf6 2. g3 g6 3. Bg2 Bg7 4. e4 d6 5. Nc3 0-0 6. Nge2 Nbd7 7. h3 e5 8. Be3 c6 9. a4 Qe7 10. 0-0 Re8 11. g4 h5 12. g5 Nh7 13. h4 f6 14. f4 fxg5 15. fxg5 exd4 16. Bxd4 Ne5 17. Nf4 Bg4 18. Qd2 Nf8 19. b3 Kh7 20. Rf2 Ne6 21. Nxe6 Bxe6 22. Ne2 Rf8 23. Raf1 a6 24. Nf4 Bg4 25. Qe3 Bd7 26. Rd2 Rf7 27. c4 Raf8 28. Qg3 1/2-1/2

[Event "DEN-chT 1011 49th"]
[Site "Denmark"]
[Date "2011.02.20"]
[Round "7.4"]
[White "Rasmussen, Casper"]
[Black "Christensen, Stefan"]
[Result "1/2-1/2"]
[WhiteElo "2357"]
[BlackElo "2262"]
[PlyCount "137"]
[EventDate "2010.11.06"]
[EventType "team-tourn"]
[EventRounds "9"]
[EventCountry "DEN"]
[SourceTitle "EXT 2012"]
[Source "ChessBase"]
[SourceDate "2011.11.24"]
[SourceVersion "1"]
[SourceVersionDate "2011.11.24"]
[SourceQuality "1"]
[WhiteTeam "Valby K41"]
[BlackTeam "Jetsmark"]
[WhiteTeamCountry "DEN"]
[BlackTeamCountry "DEN"]

1. Nf3 Nf6 2. c4 g6 3. g3 Bg7 4. Bg2 0-0 5. 0-0 d5 6. d4 c6 7. b3 dxc4 8. bxc4 c5 9. e3 cxd4 10. exd4 Nc6 11. Bb2 Bg4 12. Nbd2 Ne8 13. h3 Be6 14. d5 Bxb2 15. Rb1 Bf6 16. dxe6 Qc7 17. Qe2 Nd6 18. h4 Kh8 19. Ne4 Nxe4 20. Qxe4 fxe6 21. h5 gxh5 22. Rb5 e5 23. Rfb1 b6 24. c5 Rac8 25. cxb6 axb6 26. Bh3 Rcd8 27. Rc1 Rd6 28. Rb3 Qb7 29. Rb5 Nd8 30. Qxb7 Nxb7 31. Nxe5 Nc5 32. Nc4 Rd4 33. Nxb6 Nd3 34. Rc8 Rxc8 35. Bxc8 Rd8 36. Rd5 Rxd5 37. Nxd5 Bd4 38. Ne3 Bc5 39. a4 Kg7 40. Bf5 Nb4 41. Be4 e6 42. Ng2 h6 43. Nf4 Kf6 44. Kg2 h4 45. gxh4 Ke5 46. Kf3 Bxf2 47. Ng6+ Kd4 48. a5 Bg1 49. Bb7 Kc5 50. Nf8 Kb5 51. a6 Nxa6 52. Bxa6+ Kxa6 53. Nxe6 Kb6 54. Ng7 Kc6 55. Nf5 Kd7 56. Nxh6 Ke6 57. Kg4 Kf6 58. Nf5 Bc5 59. Ng3 Kg6 60. h5+ Kh7 61. Ne4 Be3 62. Nd6 Bc1 63. Nf5 Bd2 64. Kf3 Bc1 65. Ke4 Bd2 66. Kd5 Bc1 67. Ke6 Bd2 68. Kf7 Bc1 69. Ke6 1/2-1/2

[Event "DEN-chT 0910 48th"]
[Site "Denmark"]
[Date "2010.03.13"]
[Round "8.4"]
[White "Sorensen, Bent"]
[Black "Rasmussen, Casper"]
[Result "0-1"]
[WhiteElo "2240"]
[BlackElo "2373"]
[PlyCount "176"]
[EventDate "2009.11.07"]
[EventType "team-tourn"]
[EventRounds "9"]
[EventCountry "DEN"]
[SourceTitle "EXT 2023"]
[Source "ChessBase"]
[SourceDate "2022.10.05"]
[SourceVersion "1"]
[SourceVersionDate "2022.10.05"]
[SourceQuality "1"]
[WhiteTeam "Norresundby"]
[BlackTeam "Copenhagen K41"]
[WhiteTeamCountry "DEN"]
[BlackTeamCountry "DEN"]

1. Nf3 Nf6 2. g3 d5 3. Bg2 e6 4. 0-0 Be7 5. d3 0-0 6. Nbd2 c5 7. e4 Nc6 8. Re1 Qc7 9. Nf1 dxe4 10. dxe4 Rd8 11. Bd2 b6 12. e5 Nd7 13. Qe2 Bb7 14. c3 h6 15. h4 a5 16. Bf4 Nf8 17. h5 Ba6 18. Qe3 a4 19. Rad1 Bc4 20. a3 Bb3 21. Rxd8 Rxd8 22. N1d2 Bd5 23. Ne4 Bxe4 24. Qxe4 b5 25. Nh2 Na5 26. Ng4 Nc4 27. Bf1 Nd2 28. Bxd2 Rxd2 29. Bxb5 Rxb2 30. c4 Qa5 31. Re3 Nh7 32. Qd3 Rd2 33. Qf1 Rd4 34. Nh2 Ng5 35. f4 Ne4 36. Rd3 Qd8 37. Rxd4 Qxd4+ 38. Kg2 Qb2+ 39. Kh3 Nf2+ 40. Kg2 Ng4+ 41. Kh3 Nf2+ 42. Kg2 Ne4+ 43. Kh3 Qxa3 44. Qg2 Qxg3+ 45. Qxg3 Nxg3 46. Bxa4 Nxh5 47. Kg4 g6 48. Nf1 Ng7 49. Ng3 h5+ 50. Kf3 Kh7 51. Bc2 Kh6 52. Bd3 Ne8 53. Ne4 Kg7 54. Bf1 Nc7 55. Ke3 Na8 56. Bg2 Nb6 57. Kd3 Nd7 58. Nd2 f6 59. exf6+ Bxf6 60. Bh3 Kf7 61. Ne4 Ke7 62. Ke2 Bd4 63. Kf3 Nb6 64. Nd2 e5 65. Ke4 Kf6 66. Nf3 Nxc4 67. fxe5+ Nxe5 68. Nxd4 cxd4 69. Kxd4 g5 70. Ke4 g4 71. Bg2 Ng6 72. Bf1 Kg5 73. Ke3 Nh4 74. Bb5 Nf5+ 75. Kf2 Kf4 76. Bc6 h4 77. Bb7 Ng3 78. Kg2 Ne4 79. Bc6 h3+ 80. Kh2 Ng5 81. Bd7 Nf3+ 82. Kh1 Ne5 83. Bc8 Kg3 84. Bf5 Kh4 85. Kg1 g3 86. Be4 Ng4 87. Kf1 Nf2 88. Bc6 h2 0-1

[Event "DEN-chT 0910 48th"]
[Site "Denmark"]
[Date "2010.01.31"]
[Round "6.5"]
[White "Kristensen, Kaare Hove"]
[Black "Rasmussen, Casper"]
[Result "1/2-1/2"]
[WhiteElo "2258"]
[BlackElo "2373"]
[PlyCount "98"]
[EventDate "2009.11.07"]
[EventType "team-tourn"]
[EventRounds "9"]
[EventCountry "DEN"]
[SourceTitle "EXT 2023"]
[Source "ChessBase"]
[SourceDate "2022.10.05"]
[SourceVersion "1"]
[SourceVersionDate "2022.10.05"]
[SourceQuality "1"]
[WhiteTeam "Nordkalotten"]
[BlackTeam "Copenhagen K41"]
[WhiteTeamCountry "DEN"]
[BlackTeamCountry "DEN"]

1. c4 Nf6 2. Nc3 c6 3. e4 d5 4. exd5 cxd5 5. d4 Nc6 6. Nf3 Bg4 7. cxd5 Nxd5 8. Qb3 Bxf3 9. gxf3 e6 10. Qxb7 Nxd4 11. Bb5+ Nxb5 12. Qc6+ Ke7 13. Qxb5 Qd7 14. Nxd5+ Qxd5 15. Bg5+ f6 16. Qxd5 exd5 17. Be3 Ke6 18. Ke2 Bd6 19. Rac1 Rhc8 20. h3 a5 21. Rxc8 Rxc8 22. Rc1 Rxc1 23. Bxc1 d4 24. b3 Kd5 25. Bd2 Bc7 26. Kd3 g5 27. a4 h5 28. b4 axb4 29. Bxb4 h4 30. Bd2 Bd8 31. a5 f5 32. a6 Kc6 33. Kxd4 Bf6+ 34. Kd3 Kb6 35. Ke2 Kxa6 36. Kf1 Kb5 37. Kg2 Kc4 38. Ba5 Kd3 39. Bb6 Ke2 40. Be3 Be7 41. Bb6 Kd3 42. Ba5 Bf6 43. Bc7 Kd4 44. Ba5 Kc5 45. Bc7 Kc6 46. Ba5 Kb5 47. Bc7 Kc5 48. Ba5 Kc6 49. Bb4 Kb5 1/2-1/2

[Event "DEN-chT 0910 48th"]
[Site "Denmark"]
[Date "2009.12.06"]
[Round "3.5"]
[White "Andersen, Soren Mikkel"]
[Black "Rasmussen, Casper"]
[Result "0-1"]
[WhiteElo "2082"]
[BlackElo "2373"]
[PlyCount "77"]
[EventDate "2009.11.07"]
[EventType "team-tourn"]
[EventRounds "9"]
[EventCountry "DEN"]
[SourceTitle "EXT 2023"]
[Source "ChessBase"]
[SourceDate "2022.10.05"]
[SourceVersion "1"]
[SourceVersionDate "2022.10.05"]
[SourceQuality "1"]
[WhiteTeam "Aalborg"]
[BlackTeam "Copenhagen K41"]
[WhiteTeamCountry "DEN"]
[BlackTeamCountry "DEN"]

1. d4 d5 2. c4 c6 3. Nf3 Nf6 4. Nc3 dxc4 5. a4 Bf5 6. Ne5 e6 7. f3 c5 8. e4 cxd4 9. exf5 Bb4 10. Bxc4 dxc3 11. Qxd8+ Kxd8 12. 0-0 cxb2 13. Bxb2 Ke7 14. Nd3 Rc8 15. Rac1 Nc6 16. Nxb4 Nxb4 17. a5 Nfd5 18. Rfe1 Rc6 19. fxe6 fxe6 20. Ba3 Kf6 21. Bb5 Rc2 22. Rxc2 Nxc2 23. Bb2+ Kf7 24. Re4 Rd8 25. Ba4 Ncb4 26. Rg4 g6 27. Rh4 h5 28. g4 Nd3 29. Bd4 N5f4 30. Bxa7 Ne5 31. Kf2 g5 32. Rxh5 Rd2+ 33. Ke3 Re2+ 34. Kd4 Nxf3+ 35. Kc5 Nxh5 36. gxh5 Rxh2 37. Kb6 g4 38. Kxb7 Ra2 39. Bc6 0-1